000 00359nam a2200157Ia 4500
003 Ost
005 20260225132542.0
008 260225s9999||||xx |||||||||||||| ||und||
040 _cfsic
041 _afre
082 _a336.2
100 _aPierre dagnelie
_eAuteur
245 0 _aPrincipes d'experimentation /
245 0 _cPierre dagnelie
942 _cكتاب
999 _c33577
_d33577